Potencial produtivo e qualidade de frutos do cultivar de macieira ‘SCS1605 Serrana’ conduzida sobre diferentes porta-enxertos (Registro n. 339875)
[ somente texto ]
| 000 -LÍDER | |
|---|---|
| fixed length control field | 04005nab a2200349 i 4500 |
| 003 - CÓDIGO MARC DA AGÊNCIA CATALOGADORA | |
| Campo de controle | BR-BrBNA |
| 005 - DATA E HORA DA ÚLTIMA ATUALIZAÇÃO | |
| Campo de controle | 20260119213527.0 |
| 008 - CAMPO DE TAMANHO FIXO | |
| fixed length control field | 260119b2024 bl.tr|pooa||| 00| 0 por | |
| 040 ## - FONTE DA CATALOGAÇÃO | |
| Agência catalogadora | BR-BrBNA |
| Idioma da catalogação | por |
| 072 ## - CATEGORIA AGRIS | |
| Código AGRIS | F02 |
| Código do objeto | 0710 |
| 072 ## - CATEGORIA AGRIS | |
| Código AGRIS | F01 |
| 100 ## - ENTRADA PRINCIPAL - NOME PESSOAL | |
| Nome pessoal | Martin, Mariuccia Schlichting De |
| 100 ## - ENTRADA PRINCIPAL - NOME PESSOAL | |
| Nome pessoal | Brighenti, Alberto Fontanella |
| 100 ## - ENTRADA PRINCIPAL - NOME PESSOAL | |
| Nome pessoal | Pinto, Felipe Augusto Moretti Ferreira |
| 100 ## - ENTRADA PRINCIPAL - NOME PESSOAL | |
| Nome pessoal | Araujo, Leonardo |
| 100 ## - ENTRADA PRINCIPAL - NOME PESSOAL | |
| Nome pessoal | Couto, Marcelo |
| 100 ## - ENTRADA PRINCIPAL - NOME PESSOAL | |
| Nome pessoal | Arioli, Cristiano João |
| 245 ## - TÍTULO PRINCIPAL | |
| Título principal | Potencial produtivo e qualidade de frutos do cultivar de macieira ‘SCS1605 Serrana’ conduzida sobre diferentes porta-enxertos |
| 500 ## - NOTA GERAL | |
| Nota geral | <br/><br/>Publicação online; 7 ref.; 2 tables; 1 illus.; Summaries (En, Pt) |
| 942 ## - ADDED ENTRY ELEMENTS (KOHA) | |
| Koha item type | Analítica |
| 520 ## - NOTA DE RESUMO | |
| Nota de conteúdo | <br/><br/><br/>Resumo – Este trabalho teve como objetivo avaliar o potencial produtivo e a qualidade de frutos do cultivar de macieira SCS1605 Serrana sobre diferentes porta-enxertos na região de São Joaquim, SC. O trabalho foi conduzido nas safras 2019/2020 e 2020/2021, utilizando os porta-enxertos Marubakaido (Maruba; 1000 plantas ha-1) e Maruba com interenxerto (filtro) de M.9 (MB/M.9; 1667 plantas ha-1). Foram avaliados a produção e número de frutos por planta, produtividade estimada (t ha-1), massa média de frutos, índice de iodo-amido, firmeza de polpa, teor de sólidos solúveis (SS), acidez titulável e classificação em relação ao calibre e percentual de cor vermelha na casca. A macieira ‘SCS1605 Serrana’ apresentou alto potencial produtivo em ambas as safras, com produtividades superiores a 59,2 e 93,4t ha-1 para as safras 2019/2020 e 2020/2021, respectivamente. O MB/M.9 proporcionou maior produtividade e calibre de frutos na safra 2019/2020. A utilização do MB/M.9 propiciou maiores teores de SS e percentuais de cor vermelha na casca em comparação ao Maruba. O cultivar SCS1605 Serrana apresenta elevado potencial produtivo na região de São Joaquim, com produtividades médias elevadas e alta qualidade de frutos, tanto para o porta-enxerto Maruba quanto para o MB/M.9. <br/><br/><br/><br/>Termos para Indexação: Malus domestica; Produtividade; Calibre; Maturação |
| 520 ## - NOTA DE RESUMO | |
| Nota de conteúdo | <br/><br/><br/>Abstract – The aim of this study was to evaluate the yield potential and fruit quality of the apple cultivar SCS1605 Serrana grafted on different rootstocks in the region of São Joaquim, SC. The work was carried out in the 2019/2020 and 2020/2021 harvest seasons, using the rootstocks Marubakaido (Maruba; 1000 plants ha-1) and Maruba with M.9 interstem (MB/M.9; 1667 plants ha-1). Yield and number of fruits per tree, estimated yield (t ha-1), fruit mass, starch index, flesh firmness, soluble solids (SS) content and titratable acidity were evaluated. The fruits were also classified by size and percentage of red color in the skin. The cultivar SCS1605 Serrana showed high yield potential in both harvest seasons, with estimated yields above 59.2 and 93.4t ha-1 for the 2019/2020 and 2020/2021 seasons, respectively. The rootstock MB/M.9 provided higher yield and fruit caliber in the 2019/2020 seasons. The MB/M.9 provided higher levels of SS and percentages of red color in the skin compared to Maruba. The cultivar SCS1605 Serrana has a high yield potential in the region of São Joaquim, with high yields and fruit quality, for both Maruba and MB/M.9 rootstocks <br/><br/><br/><br/>.Index Terms: Malus domestica; Productivity; Caliber; Maturity |
| 650 ## - ASSUNTO - THESAGRO | |
| Cabeçalho tópico ou nome geográfico | MAÇÃ |
| 650 ## - ASSUNTO - THESAGRO | |
| Cabeçalho tópico ou nome geográfico | VARIEDADE |
| 650 ## - ASSUNTO - THESAGRO | |
| Cabeçalho tópico ou nome geográfico | QUALIDADE |
| 650 ## - ASSUNTO - THESAGRO | |
| Cabeçalho tópico ou nome geográfico | PORTA-ENXERTO |
| 650 ## - ASSUNTO - THESAGRO | |
| Cabeçalho tópico ou nome geográfico | MATURAÇÃO |
| 650 ## - ASSUNTO - THESAGRO | |
| Cabeçalho tópico ou nome geográfico | PRODUTIVIDADE |
| 773 0# - ENTRADA ANALÍTICA | |
| Host Biblionumber | 1813 |
| Registro do item | 359867 |
| Imprenta | Florianópolis-SC Empresa de Pesquisa Agropecuária e Extensão Rural de Santa Catarina 1988- |
| Outro identificador | 2026-0257 |
| Título | Agropecuária Catarinense (Brazil) |
| ISSN | 0103-0779 |
| Colação | v. 37(2) p. 19-22; (2024) |
| Número de controle de registro | BR2025005470 |
| 856 ## - ACESSO E ENDEREÇO ELETRÔNICO | |
| Identificador uniforme de recurso - URI | https://publicacoes.epagri.sc.gov.br/rac/article/view/1786/1691 |
Nenhum exemplar disponível.

BINAGRI